000 00538nam a2200169Ia 4500
003 IN-BaIIA
008 211028s9999 xx s 000 0 eng d
020 _a9780819468499 (Print)
040 _cIIA Library
100 _aVan De Ville, Dimitri, ed.
_948697
245 0 _aWavelets XII
_h[eBook]
260 _aWashington, USA
_bSPIE
_c2007
300 _aOnline resource
490 _aProceedings of SPIE; V. 6701
856 _uhttps://www.spiedigitallibrary.org/conference-proceedings-of-spie/6701
_yClick Here to Access eBook
942 _cEB
999 _c33773
_d33773